Analýza podmienok čerpania finančných prostriedkov z fondov Európskej únie diplomová práca

Gespeichert in:
Bibliographische Detailangaben
1. Verfasser: Brocka, Martin
Körperschaft: Fakulta podnikového manažmentu EU. Katedra manažmentu
Weitere Verfasser: Grznár, Miroslav
Format: Buch
Sprache:Slowakisch
Veröffentlicht: Bratislava 2009
Tags: Tag hinzufügen
Keine Tags, Fügen Sie das erste Tag hinzu!

MARC

LEADER 00000nam$a2200000$$$4500
001 0101889
005 20240320074852.0
041 0 |a slo 
044 |a SK 
245 1 0 |a Analýza podmienok čerpania finančných prostriedkov z fondov Európskej únie  |b diplomová práca  |c Martin Brocka ; škol. Miroslav Grznár 
264 1 |a Bratislava  |c 2009 
300 |a 65 s. 
100 1 |a Brocka, Martin 
700 1 |a Grznár, Miroslav 
710 2 |a Fakulta podnikového manažmentu EU. Katedra manažmentu